| 000 | 00572pab a2200205 454500 | ||
|---|---|---|---|
| 008 | 180718b2014 xxu||||| |||| 00| 0 eng d | ||
| 100 | _aMok, Ka Ho | ||
| 245 | _aManaging social change and social policy in Greater China; Welfare regimes in transition?: Introduction | ||
| 260 | _c2014 | ||
| 300 | _ap.235-238. | ||
| 362 | _aApr | ||
| 650 | _aSocial policy | ||
| 650 | _aChina - Social policy | ||
| 650 | _aSocial change - China | ||
| 650 | _aSocial change | ||
| 700 | _aHudson, John | ||
| 773 | _aSocial Policy and Society | ||
| 908 | _aN | ||
| 909 | _a103639 | ||
| 999 |
_c103635 _d103635 |
||